| 000 | 00639nam a2200229Ia 4500 | ||
|---|---|---|---|
| 003 | OSt | ||
| 005 | 20220928122004.0 | ||
| 006 | a|||||r|||| 00| 0 | ||
| 007 | ta | ||
| 008 | 220927b |||||||| |||| 00| 0 eng d | ||
| 024 | _a46354 | ||
| 037 | _cTextual | ||
| 040 |
_aSDCL _cSDCL _beng |
||
| 041 |
_2eng _aeng |
||
| 082 | _aX:54p1(X),N96, N6 | ||
| 100 |
_aUnied Nations _9455321 |
||
| 245 | 0 | _aLeast development countries 1996 report | |
| 260 |
_aNew York _b Unied Nations _c1996 |
||
| 300 |
_axiii,Various Pagination _ccm. |
||
| 942 |
_hX:54p1(X),N96, N6 _cTEXL _2CC |
||
| 999 |
_c768989 _d768989 |
||